000 00716nam a22002417a 4500
001 3407
003 FISKH
005 20240305105145.0
008 240304b cb ||||| |||| 00| 0 eng d
040 _aFISK
_beng
_cFISK
_dFISK
050 _aPZ7.H83
082 _a813.54
100 _aHowe James :
_d1946-
245 _aNighty-nightmare /
_cJames Hoew
260 _aNew York :
_bAtheneum,
_c1988
300 _a122 pages :
_c20 cm
505 _aM
520 _aWhen scary strangers appear at the Monroes' overnight campsite, Chester the cat tries to convince the family's two dogs that foul play is intended.
521 8 _a680
_bLexile
700 _aJames Howe
942 _2ddc
_cBK
_n0
999 _c3407
_d3407